Front matter (notice n° 1574320)

détails MARC
000 -LEADER
fixed length control field 01411cam a2200157 4500500
005 - DATE AND TIME OF LATEST TRANSACTION
control field 20251214030848.0
041 ## - LANGUAGE CODE
Language code of text/sound track or separate title fre
042 ## - AUTHENTICATION CODE
Authentication code dc
100 10 - MAIN ENTRY--PERSONAL NAME
Personal name Claude, Viviane
Relator term author
245 00 - TITLE STATEMENT
Title Front matter
260 ## - PUBLICATION, DISTRIBUTION, ETC.
Date of publication, distribution, etc. 2025.<br/>
500 ## - GENERAL NOTE
General note 42
520 ## - SUMMARY, ETC.
Summary, etc. Residential and mobility trajectories have been analysed in research, and links between these two concepts have been identified in order to understand the choices people make. This article extends these reflections to investigate whether residential trajectories can explain the propagation of the use of a travel mode. The aim is to find out whether residential trajectories support the spread of cycling in the Île-de-France region. This research, based on the study of semi-directive interviews carried out in 2018 and 2019 which explored the residential trajectories and bicycle use of people living in Paris’s inner suburbs, shows that centrifugal residential dynamics contribute to the development of cycling according to this same trend. The development of bicycle use from the centre to the periphery of the Paris metropolitan area can be explained in particular by the import of travel practices as well as by the spread of citizen mobilisation.
786 0# - DATA SOURCE ENTRY
Note Espaces et sociétés | 195 | 2 | 2025-09-23 | p. 1-6 | 0014-0481
856 41 - ELECTRONIC LOCATION AND ACCESS
Uniform Resource Identifier <a href="https://shs.cairn.info/journal-espaces-et-societes-2025-2-page-1?lang=en&redirect-ssocas=7080">https://shs.cairn.info/journal-espaces-et-societes-2025-2-page-1?lang=en&redirect-ssocas=7080</a>

Pas d'exemplaire disponible.

PLUDOC

PLUDOC est la plateforme unique et centralisée de gestion des bibliothèques physiques et numériques de Guinée administré par le CEDUST. Elle est la plus grande base de données de ressources documentaires pour les Étudiants, Enseignants chercheurs et Chercheurs de Guinée.

Adresse

627 919 101/664 919 101

25 boulevard du commerce
Kaloum, Conakry, Guinée

Réseaux sociaux

Powered by Netsen Group @ 2025